[Event "IV Niterói Chess Open 2024"]
[Site "Rio de Janeiro"]
[Date "2024.09.01"]
[Round "7"]
[Board "22"]
[White "Martins De Aguiar, Marina"]
[Black "Vaz, Osvaldo Jose"]
[Result "1/2-1/2"]
[WhiteElo "1929"]
[BlackElo "1755"]
[Annotator "Chessbase"]
[PlyCount "125"]
[EventDate "2024.08.28"]
[EventRounds "7"]
[EventCountry "BRA"]

1. e4 e6 2. d4 d5 3. Nd2 Nf6 4. e5 Nfd7 5. Bd3 c5 6. c3 Nc6 7. Ne2 cxd4 8. cxd4 f6 9. exf6 Nxf6 10. Nf3 Bd6 11. O-O Qc7 12. Bg5 O-O 13. Nc3 a6 14. Rc1 Bf4 ({RR} 14... h6 15. Bh4 Nh5 16. Bg3 Nxg3 17. hxg3 Qf7 18. Bb1 Bd7 19. Na4 g5 20. Nc5 Bxc5 21. Rxc5 Qf6 22. Re1 g4 23. Qc2 Rf7 24. Ne5 Nxe5 25. dxe5 Qg5 26. Rc7 Rd8 27. Qc3 Bc6 28. Rxf7 Kxf7 29. Qd4 {½-½ Gallagher,J (2558)-Jussupow,A (2628) SUI-chT Switzerland 2000}) 15. Bxf4 Qxf4 16. Ne2 ({RR} 16. Bb1 Bd7 17. Na4 Nxd4 18. Nxd4 Bxa4 19. Qxa4 e5 20. Rcd1 exd4 21. Rxd4 Qe5 22. Qd1 Rac8 23. Re1 Qc7 24. g3 Qb6 25. b3 Rc1 26. Qxc1 Qxd4 27. Rd1 Qg4 28. Qd2 Re8 29. Bd3 Kh8 30. Bf1 h6 {0-1 Rocco,F (2123)-Peycheva,G (2270) Pardubice Czech op-A 31st 2020 (9)}) 16... Qd6 17. Re1 $146 ({RR} 17. Ng3 Bd7 18. Bb1 g6 19. Re1 Rae8 20. Ne5 Qb4 21. Nxc6 Bxc6 22. b3 Re7 23. Re3 Kg7 24. h3 Ne8 25. Qg4 Rxf2 26. Kxf2 Qd2+ 27. Ne2 Nf6 28. Qg3 Bb5 29. Re1 Rf7 30. Kg1 Nh5 31. Qe5+ Kh6 {1-0 Ferry,E-Cox,A Southend op 2007 (5)}) 17... Bd7 18. Ng3 Qf4 19. Bb1 Rf7 20. Qd3 Raf8 21. Rcd1 g6 22. Qe3 Ng4 23. Qxf4 Rxf4 24. Ne2 R4f7 25. Nc1 Kg7 26. Nd3 b6 27. h3 Nh6 28. Nfe5 Nxe5 29. Nxe5 Re7 30. Nxd7 Rxd7 31. Rxe6 Rdf7 32. Rf1 Rf6 33. Rxf6 Rxf6 34. f4 Nf7 35. Bc2 Nd6 36. Bd3 a5 37. g3 Re6 38. Kf2 Nc4 39. Bxc4 dxc4 40. a4 Kf6 41. Rc1 b5 42. axb5 Rb6 43. Rxc4 Rxb5 44. Rc2 Rb3 45. Rd2 Ke6 46. d5+ Kd6 47. Kg2 Re3 48. Kh2 Rf3 49. Kg2 Re3 50. h4 Rb3 51. Kh3 Re3 52. h5 gxh5 53. Kh4 Rf3 54. Re2 Rb3 55. Rd2 Rf3 56. Kxh5 Rxg3 57. Kh4 Rg7 58. Kh5 Rg3 59. Rd4 Rg2 60. b3 Rg3 61. Kh6 Rxb3 62. Kxh7 Rb4 63. Rd3 1/2-1/2

[Event "IV Niterói Chess Open 2024"]
[Site "Rio de Janeiro"]
[Date "2024.08.28"]
[Round "1"]
[Board "10"]
[White "Spina, Deris Eduardo"]
[Black "Ribeiro, Matheus Mendes Domingues"]
[Result "0-1"]
[WhiteElo "1823"]
[BlackElo "2244"]
[Annotator "Chessbase"]
[PlyCount "93"]
[EventDate "2024.08.28"]
[EventRounds "7"]
[EventCountry "BRA"]

1. e4 e6 2. d4 d5 3. Nc3 Nf6 4. e5 Nfd7 5. f4 c5 6. Nf3 Nc6 7. Be3 Be7 8. Qd2 O-O 9. O-O-O c4 10. f5 b5 11. f6 gxf6 12. Bh6 fxe5 ({RR} 12... b4 13. Qf4 Kh8 14. Bxf8 Bxf8 15. Nb1 fxe5 16. dxe5 Bg7 17. Bxc4 dxc4 18. Ng5 Ncxe5 19. Qxe5 Bxe5 20. Nxf7+ Kg8 21. Nxd8 Bf4+ 22. Rd2 Nc5 23. Nc6 Ne4 24. Rf1 Bh6 25. Kd1 Nxd2 26. Nxd2 Bb7 27. Na5 {½-½ Quparadze,G (2514)-Gunduz,U (2329) 9th Cesme Open A 2023 (1.6)}) 13. Qf2 Kh8 14. Bxf8 Bxf8 $146 ({RR} 14... Qxf8 15. dxe5 b4 16. Nb5 Ndxe5 17. Nbd4 Qg7 18. Be2 Bf6 19. Nxe5 Nxd4 20. Rxd4 Bxe5 21. Rg4 Qh6+ 22. Kb1 f5 23. Qh4 Qf8 24. Rg6 Bd7 25. Rh6 Qg7 26. g4 Bxb2 27. gxf5 exf5 28. Rd6 Ba1 29. Kc1 {0-1 Maes,T (1950)-Steindl,J (2141) EU-ch U18 26th 2016 (7)}) 15. dxe5 b4 16. Nxd5 exd5 17. Rxd5 Qe7 18. Rd6 Ndxe5 19. Nxe5 Nxe5 20. Qf6+ Qxf6 21. Rxf6 c3 22. Be2 cxb2+ 23. Kb1 Be6 24. Re1 Nc4 25. Bxc4 Bxc4 26. Rf4 Be6 27. Kxb2 Rc8 28. Kb1 Bg7 29. Ref1 Bc3 30. h4 Rc5 31. Rxf7 Bxf7 32. Rxf7 Re5 33. a4 bxa3 34. Ka2 Bb4 35. g4 Re4 36. h5 Rxg4 37. h6 Kg8 38. Rc7 Bf8 39. Rc8 Rg5 40. c4 Rc5 41. Rb8 Rxc4 42. Ra8 Rc6 43. Rxa7 Rxh6 44. Ra8 Rg6 45. Rb8 h5 46. Rb5 Rg2+ 47. Ka1 0-1

[Event "IV Niterói Chess Open 2024"]
[Site "Rio de Janeiro"]
[Date "2024.09.01"]
[Round "7"]
[Board "53"]
[White "Soares, Bruno Marins"]
[Black "Vaz, Vania Dora Madona"]
[Result "0-1"]
[WhiteElo "1800"]
[BlackElo "1502"]
[Annotator "Chessbase"]
[PlyCount "86"]
[EventDate "2024.08.28"]
[EventRounds "7"]
[EventCountry "BRA"]

1. e4 e6 2. d4 d5 3. Nc3 Nf6 4. e5 Nfd7 5. f4 c5 6. Nf3 Nc6 7. Be3 Be7 8. Be2 f6 ({RR} 8... b6 9. O-O O-O 10. Qd2 f5 11. Nd1 cxd4 12. Nxd4 Nxd4 13. Bxd4 Nc5 14. Nf2 Bb7 15. b4 Ne4 16. Nxe4 dxe4 17. a3 Rc8 18. c4 Kh8 19. Be3 Qe8 20. Rad1 Rd8 21. Qc1 Rc8 22. g3 Bd5 23. Rd4 {1-0 Popov,I (2596)-Levin,E (2505) RUS-ch rapid 2016 (10)}) 9. Bb5 $146 ({RR} 9. dxc5 Bxc5 10. Bxc5 Nxc5 11. O-O f5 12. Qe1 Qb6 13. Qf2 a6 14. a3 Nd7 15. Qxb6 Nxb6 16. Rad1 Ke7 17. h3 Bd7 18. Nd4 Nxd4 19. Rxd4 Bc6 20. g4 g6 21. Rb4 Nd7 22. Na4 Bxa4 23. Rxa4 b5 {½-½ Korzhova,I (1576)-Feofilova,E (1762) Irkutsk Region-ch (Women) 2011 (2)}) ({RR} 9. exf6 Nxf6 10. dxc5 O-O 11. O-O Qa5 12. Qd2 Bxc5 13. Rae1 Ng4 14. Bxc5 Qxc5+ 15. Kh1 Nf2+ 16. Rxf2 Qxf2 17. Qd3 Ne5 18. fxe5 Rxf3 19. Qd1 Rf8 20. Rf1 Qc5 21. Rxf8+ Qxf8 22. Bd3 Bd7 23. Qh5 g6 {0-1 Zaksaite,S (2217)-Su,D (1922) Titled Tue 12th Sep Late 2023 (11)}) ({RR} 9. exf6 Nxf6 10. O-O cxd4 11. Nxd4 O-O 12. Kh1 a6 13. Bg1 Qc7 14. Qe1 Bb4 15. Qg3 Bd6 16. Qh4 Ne7 17. Bd3 Nf5 18. Nxf5 exf5 19. Rf3 b5 20. a3 Bb7 21. Ne2 g6 22. Raf1 Ne4 23. Bxe4 dxe4 {1-0 Lovberget,E (1322)-Nilsen,J (1244) Asker CC-ch A 2015 (6)}) ({RR} 9. exf6 Bxf6 10. Ne5 Bxe5 11. fxe5 cxd4 12. Bxd4 O-O 13. Bf2 Ndxe5 14. O-O Ng6 15. Re1 Nf4 16. Bg4 h5 17. Bxh5 Qg5 18. Bf3 Nh3+ 19. Kf1 Nxf2 20. Kxf2 Ne5 21. Qd4 Nxf3 22. gxf3 Qf5 23. Qd3 Qh3 {1-0 Hendriksz,G (1696)-Pretorius,W (1668) RSA-chT Regions 2016 (2.3)}) 9... O-O 10. Bxc6 bxc6 11. Qd2 Rb8 12. b3 Ba6 13. Na4 cxd4 14. Nxd4 Qc8 15. Nxe6 Rf7 16. Nec5 fxe5 17. Nxd7 Qxd7 18. O-O-O d4 19. Qa5 Qc8 20. Bf2 Rb5 21. Qe1 Rxf4 22. Bg3 Ba3+ 23. Kb1 Rf5 24. Nb2 Bb4 25. Qe4 Bb7 26. Nc4 c5 27. Qe2 Qc6 28. Bxe5 Qe4 29. Qxe4 Bxe4 30. Nd6 Rxe5 31. Nxb5 a6 32. Nd6 Bxg2 33. Nc4 Re6 34. Rhg1 Bf3 35. Rdf1 Be4 36. Rf2 d3 37. Ne3 Bc3 38. Rd1 Bd4 39. Rdf1 dxc2+ 40. Kc1 Bxe3+ 41. Rd2 Bxd2+ 42. Kxd2 Rd6+ 43. Ke3 Rd1 0-1

[Event "IV Niterói Chess Open 2024"]
[Site "Rio de Janeiro"]
[Date "2024.08.28"]
[Round "1"]
[Board "60"]
[White "Soares, Bruno Marins"]
[Black "Nunes, Agatha Hurba"]
[Result "0-1"]
[WhiteElo "1800"]
[BlackElo "1906"]
[Annotator "Chessbase"]
[PlyCount "24"]
[EventDate "2024.08.28"]
[EventRounds "7"]
[EventCountry "BRA"]

1. e4 e6 2. d4 d5 3. Nc3 Nf6 4. Bg5 dxe4 5. Nxe4 Be7 6. Bxf6 Bxf6 7. Nf3 O-O 8. Qd2 b6 9. O-O-O Bb7 ({RR} 9... Be7 10. Bc4 Bb7 11. Rhe1 Bd5 12. Bxd5 exd5 13. Ng3 Nd7 14. Nf5 Bf6 15. Ne5 Bxe5 16. dxe5 Nc5 17. f4 Qd7 18. g4 Qa4 19. Kb1 Rad8 20. h3 Qe8 21. Ng3 d4 22. f5 Kh8 23. f6 gxf6 24. exf6 {1-0 Degraeve,J (2589)-Arnold,L (2431) FRA-chT France 2001 (6.3)}) 10. Nxf6+ Qxf6 11. Ne5 ({RR} 11. Kb1 Bxf3 12. gxf3 Rd8 13. Bd3 c5 14. Qe2 Nd7 15. Qe4 g6 16. h4 Qxd4 17. Qb7 Qf6 18. h5 Ne5 19. hxg6 hxg6 20. Be4 Rxd1+ 21. Rxd1 Rd8 22. Rh1 Nc4 23. c3 Nd2+ 24. Ka1 Nxe4 25. Qxe4 Rd5 {½-½ Storey,C (2159)-Belov,A (2421) Titled Tue 13th Aug Early 2024 (4)}) 11... c5 12. f4 $146 ({RR} 12. Ng4 Qe7 13. dxc5 Nc6 14. Qd7 Qg5+ 15. Ne3 Rab8 16. cxb6 Qa5 17. Bc4 Ne5 18. Qb5 Nxc4 19. Qxc4 Ba6 20. Qc3 Qxb6 21. b3 Rfc8 22. Qd4 Qa5 23. Kb2 Be2 24. Qd2 Qe5+ 25. Qd4 Qa5 26. Rc1 e5 {1-0 Srebrnic,V (2225)-Vospernik,A SLO-ch Slovenia 1991}) ({RR} 12. Qe3 cxd4 13. Rxd4 Qe7 14. Bd3 h6 15. Rg4 Qf6 16. h4 Kh8 17. Rh3 a5 18. Rhg3 Ba6 19. Rxg7 Qxg7 20. Rxg7 Kxg7 21. Ng4 Rh8 22. Qd4+ Kg8 23. Nf6+ Kf8 24. Qd8+ Kg7 25. Nh5# {1-0 Maksimov,V (2078)-Ivanov,A (1779) SFR-ch Seniors 2008 (1)}) 12... Rd8 0-1

[Event "IV Niterói Chess Open 2024"]
[Site "Rio de Janeiro"]
[Date "2024.08.28"]
[Round "1"]
[Board "23"]
[White "Da Silva, Lucas Pereira Mendes"]
[Black "Vaz, Osvaldo Jose"]
[Result "1-0"]
[WhiteElo "2088"]
[BlackElo "1755"]
[Annotator "Chessbase"]
[PlyCount "99"]
[EventDate "2024.08.28"]
[EventRounds "7"]
[EventCountry "BRA"]

1. e4 e6 2. d4 d5 3. Nc3 Nf6 4. Bg5 Be7 5. e5 Nfd7 6. Bxe7 Qxe7 7. f4 O-O 8. Nf3 a6 9. Bd3 g6 ({RR} 9... f6 10. h4 fxe5 11. fxe5 h6 12. Ne2 c5 13. c3 Nc6 14. Qd2 Rf7 15. O-O-O Nf8 16. Nf4 Bd7 17. h5 b5 18. Bg6 Nxg6 19. hxg6 Rff8 20. dxc5 Qxc5 21. Nh5 Qe7 22. Nxg7 Qxg7 23. Rxh6 Nxe5 24. Nxe5 {1-0 Mirzoev,E (2476)-Naumkin,I (2418) Novi Sad TS IM 102nd 2019 (8)}) ({RR} 9... f6 10. O-O c5 11. exf6 Rxf6 12. dxc5 Nxc5 13. Ne5 Nc6 14. Nxc6 bxc6 15. Ne2 a5 16. Nd4 Nxd3 17. Qxd3 Ba6 18. Nxc6 Qd6 19. Qc3 Bxf1 20. Rxf1 Ra6 21. Ne7+ Qxe7 22. Qc8+ Qf8 23. Qxa6 Qc5+ 24. Kh1 {½-½ Thake,C (1853)-Bongo Akanga Ndjila,B (1894) Titled Tue 2nd Jul Late 2024 (8)}) ({RR} 9... h6 10. Qd2 c5 11. dxc5 Nc6 12. O-O-O b5 13. Ne2 Nxc5 14. Kb1 Qa7 15. Ned4 Bd7 16. Nxc6 Bxc6 17. Nd4 Bd7 18. g4 b4 19. f5 f6 20. exf6 Rxf6 21. g5 hxg5 22. fxe6 Nxe6 23. Nxe6 Bxe6 24. Qxg5 {1-0 Gauche,C (2191)-Vaz,O (1639) II Rio Chess Open 2023 (1.23)}) 10. h4 c5 11. dxc5 $146 ({RR} 11. h5 cxd4 12. Ne2 Kg7 13. Qd2 f5 14. hxg6 h6 15. O-O-O Nc5 16. Nexd4 Nc6 17. g4 Nxd4 18. Nxd4 Ne4 19. Bxe4 fxe4 20. f5 Qg5 21. Qxg5 hxg5 22. Rh7+ Kg8 23. f6 {1-0 Vasilev,M (2397)-Todorov,T (2009) BUL-ch 84th Sofia 2020 (5)}) ({RR} 11. h5 c4 12. Bf1 Kg7 13. Ng5 h6 14. Nf3 Nc6 15. Qd2 b5 16. hxg6 fxg6 17. f5 Rxf5 18. Qxh6+ Kf7 19. Qh7+ Ke8 20. Qxg6+ Qf7 21. Qg3 Nf8 22. Ne2 Nb4 23. Kd2 Ra7 24. Nh4 Rh5 25. Nf4 Rh7 {1-0 Chong,C (2063)-Bakri,A (1904) Kuala Lumpur op 7th 2010 (4)}) 11... Nxc5 12. h5 Nc6 13. Ng5 Nxd3+ 14. Qxd3 Nxe5 15. Qg3 f6 16. hxg6 fxg5 17. fxe5 Qg7 18. Rh5 h6 19. Qh2 Rf4 20. O-O-O Rh4 21. Rxh4 gxh4 22. Rd4 Bd7 23. Rxh4 Be8 24. Qf4 Bxg6 25. Rxh6 Rf8 26. Qg5 Bf5 27. Qxg7+ Kxg7 28. Rh1 Rc8 29. Rh4 Kg6 30. Kd2 Kg5 31. Rb4 Rc7 32. g3 Bg6 33. Rf4 Bf5 34. b3 Rh7 35. Ne2 Rh2 36. Ke3 Rg2 37. Kf3 Rh2 38. c3 b5 39. a4 Bc2 40. Nd4 Bd1+ 41. Ke3 Bg4 42. axb5 axb5 43. b4 Rg2 44. Nf3+ Bxf3 45. Rxf3 Kg4 46. Rf6 Rxg3+ 47. Kd4 Rf3 48. Rxe6 Rf4+ 49. Kxd5 Rc4 50. Rc6 1-0

[Event "IV Niterói Chess Open 2024"]
[Site "Rio de Janeiro"]
[Date "2024.08.28"]
[Round "1"]
[Board "1"]
[White "Mekhitarian, Krikor Sevag"]
[Black "Brito, Vicente De Paulo Alencar"]
[Result "1-0"]
[WhiteElo "2560"]
[BlackElo "1865"]
[Annotator "Chessbase"]
[PlyCount "69"]
[EventDate "2024.08.28"]
[EventRounds "7"]
[EventCountry "BRA"]

1. e4 e6 2. d4 d5 3. Nc3 Bb4 4. e5 b6 5. Qg4 Bf8 6. Bb5+ c6 7. Ba4 a5 8. a3 h5 ({RR} 8... Ba6 9. Nce2 Bb5 10. Bxb5 cxb5 11. Ng3 Qc8 12. c3 Qc4 13. N1e2 Nc6 14. f4 g6 15. Qf3 Nce7 16. Nf1 h5 17. Ne3 Qc6 18. h3 h4 19. Qf2 Nf5 20. Nxf5 gxf5 21. Ng1 Ne7 22. Nf3 Ng6 23. O-O {1-0 Perunovic,M (2572)-Markovic,M (2458) Boskovic Memorial 2009 (2.1)}) ({RR} 8... Ba6 9. Nce2 Qd7 10. h4 Bc4 11. c3 Bd3 12. Qh3 Bc4 13. h5 h6 14. f4 f5 15. exf6 gxf6 16. Nf3 Bd6 17. Nh4 Ne7 18. Bc2 c5 19. f5 exf5 20. Nxf5 Nxf5 21. Bxf5 Qe7 22. Qe3 Ra7 23. Rh3 {0-1 Froewis,A (2123)-Danielian,E (2431) 23rd ch-EUR Indiv w 2023 (2.32)}) 9. Qf3 $146 ({RR} 9. Qh3 Ba6 10. Nce2 g5 11. g4 Bg7 12. gxh5 f5 13. exf6 Qxf6 14. Nf3 Bh6 15. Qg4 Ra7 16. Ne5 Ne7 17. c3 O-O 18. Be3 Nf5 19. O-O-O b5 20. Bc2 b4 21. Rdg1 Rg7 22. Ng6 bxa3 23. bxa3 Nxe3 {1-0 Siniauski,A (2320)-Yakimenko,A (2059) Chigorin Memorial 28th 2021 (5)}) ({RR} 9. Qh3 Ba6 10. Nf3 b5 11. Bb3 Nd7 12. Ne2 c5 13. Nf4 Qb6 14. O-O c4 15. Ba2 g6 16. c3 Be7 17. Bb1 Nh6 18. Bxg6 O-O-O 19. Bc2 h4 20. Ne2 Rdg8 21. Bxh6 Rxh6 22. Ne1 Kb8 23. Kh1 f5 {0-1 Pantelic,S (2170)-Tosic,S (2290) Belgrade-chT 2007 (8)}) 9... b5 10. Bb3 Qb6 11. Nce2 c5 12. c3 Nc6 13. Be3 cxd4 14. cxd4 a4 15. Bc2 b4 16. Nh3 bxa3 17. bxa3 Qa5+ 18. Bd2 Qa7 19. Bc3 Bd7 20. Ng5 Nd8 21. O-O Bb5 22. Rfb1 Bc6 23. Nf4 Ne7 24. Nxh5 Nf5 25. Bxf5 exf5 26. Nf4 Be7 27. Qg3 O-O 28. Bb4 Bxb4 29. Qh4 Re8 30. Rxb4 Ne6 31. Nfxe6 fxe6 32. Qh7+ Kf8 33. Qh8+ Ke7 34. Qxg7+ Kd8 35. Nf7+ 1-0

[Event "IV Niterói Chess Open 2024"]
[Site "Rio de Janeiro"]
[Date "2024.08.31"]
[Round "5"]
[Board "8"]
[White "Martins De Aguiar, Marina"]
[Black "Pires, Marcos Vinicius Torsani"]
[Result "0-1"]
[WhiteElo "1929"]
[BlackElo "2212"]
[Annotator "Chessbase"]
[PlyCount "140"]
[EventDate "2024.08.28"]
[EventRounds "7"]
[EventCountry "BRA"]

1. e4 e5 2. d4 exd4 3. Qxd4 Nc6 4. Qe3 Nf6 5. Nc3 Bb4 6. Bd2 O-O 7. O-O-O Re8 8. Bc4 d6 9. Nf3 Be6 10. Bxe6 Rxe6 11. Ng5 Re8 12. f3 ({RR} 12. a3 Bxc3 13. Bxc3 h6 14. h4 a5 15. f4 Qe7 16. Qg3 Rad8 17. Kb1 b5 18. Bxf6 Qxf6 19. Rd5 Nd4 20. Qd3 c5 21. e5 Qg6 22. e6 hxg5 23. f5 Qh6 24. c3 fxe6 25. fxe6 Nxe6 26. g3 Qh7 {0-1 Nepomniachtchi,I (2770)-Caruana,F (2796) SuperUnited CRO Blitz 2024 (10.1)}) 12... d5 13. Qf4 $146 ({RR} 13. Qf2 d4 14. Ne2 Bxd2+ 15. Rxd2 h6 16. h4 Qe7 17. Nxd4 Nxd4 18. Rxd4 hxg5 19. hxg5 Nh7 20. f4 f6 21. g6 Nf8 22. f5 Qe5 23. Qh4 Nxg6 24. Qh7+ Kf8 25. fxg6 Qxd4 26. Qh8+ Ke7 27. Qxg7+ Ke6 {0-1 Jimenez Fernandez,R (2094)-Kacharava,N (2527) Titled Tue 7th May Early 2024 (1)}) ({RR} 13. Qf2 d4 14. Ne2 Bc5 15. Ng3 a5 16. Nf5 Ne7 17. g4 a4 18. Rhe1 a3 19. b3 Nxf5 20. gxf5 h6 21. Nh3 Qd6 22. Bf4 Qb6 23. Rd3 Rad8 24. Rg1 Bf8 25. Qh4 Kh8 26. Bg5 Rd6 27. Nf4 Nh7 {0-1 Siamidis,D (2093)-Atanasov,R (2252) Nikaia op 17th 2009 (6)}) ({RR} 13. Qf2 d4 14. Nb5 Bc5 15. Bf4 Bb6 16. Qd2 Qe7 17. Na3 Bc5 18. Nb5 Bb6 19. Na3 Rad8 20. Nc4 Bc5 21. Qd3 h6 22. Nh3 b5 23. Nd2 a6 24. Nb3 Bb6 25. Qd2 Ne5 26. Bxh6 gxh6 27. Qxh6 Nh7 {0-1 Suminski,B (1600)-Kravtsiv,M (2598) Ukrainian Chess Warriors rapid 2024 (1.1)}) 13... Bd6 14. Qh4 d4 15. Ne2 h6 16. Nh3 Nd7 17. Qxd8 Raxd8 18. Bf4 Nb6 19. Ng3 Be5 20. Nf5 Kh7 21. Bxe5 Rxe5 22. Nf4 g6 23. Ng3 Ra5 24. a3 Ne5 25. h4 h5 26. Nge2 c5 27. Nc3 Kg7 28. Ncd5 Nxd5 29. Nxd5 Ra6 30. Nc7 Rc6 31. Nd5 Rcd6 32. b3 f5 33. Rhf1 fxe4 34. fxe4 Ng4 35. Rf3 R6d7 36. Re1 Re8 37. Kd2 Re5 38. Rf4 Rf7 39. Rxf7+ Kxf7 40. Rf1+ Kg7 41. Kd3 Re6 42. Rf4 Ne5+ 43. Kd2 Rd6 44. Nc7 Rc6 45. Ne8+ Kg8 46. Nf6+ Kh8 47. Nd5 Kg7 48. Ne7 Rf6 49. Rxf6 Kxf6 50. Nc8 a6 51. a4 Ke6 52. Nb6 Ng4 53. Nc4 Nf2 54. a5 Nxe4+ 55. Kd3 Ng3 56. Nd2 Kd5 57. Nf3 Nf5 58. Ke2 Ne3 59. Ne1 c4 60. Kf3 cxb3 61. cxb3 Ng4 62. Kf4 Ne5 63. g3 Nf7 64. Nd3 Nd6 65. Kg5 Ne4+ 66. Kxg6 Nxg3 67. Kg5 Ke4 68. Nc5+ Ke3 69. Nxb7 d3 70. Nd6 Ne4+ 0-1

[Event "IV Niterói Chess Open 2024"]
[Site "Rio de Janeiro"]
[Date "2024.08.31"]
[Round "6"]
[White "Santos, Valentim Do Carmo R"]
[Black "Borsato, Ana Carolina Teodor"]
[Result "1-0"]
[WhiteElo "1800"]
[BlackElo "1892"]
[Annotator "Chessbase"]
[PlyCount "65"]
[EventDate "2024.08.28"]
[EventRounds "7"]
[EventCountry "BRA"]

1. e4 e5 2. f4 Bc5 3. Nf3 d6 4. c3 Nc6 5. d4 exd4 6. cxd4 Bb6 7. Bb5 ({RR} 7. Nc3 Bg4 8. Bb5 Bxf3 9. gxf3 Qh4+ 10. Ke2 a6 11. Ba4 Kf8 12. Bxc6 bxc6 13. Be3 Ne7 14. Qg1 Rb8 15. f5 h6 16. Rc1 d5 17. Qg3 Qh5 18. Kf2 dxe4 19. fxe4 Rg8 20. Rhg1 g5 21. Na4 f6 {1-0 Savchenko,B (2562)-Boruchovsky,A (2525) Titled Tuesday intern op 2nd Oct blitz 2018 (10)}) ({RR} 7. Be3 Nf6 8. Nc3 O-O 9. Be2 Nxe4 10. Nxe4 Re8 11. Qd3 Bf5 12. Nfd2 d5 13. Qc3 Rxe4 14. Nxe4 Ba5 15. Ng3 Be4 16. Kf2 Bxc3 17. bxc3 f5 18. a4 b6 19. Nxe4 fxe4 20. g3 Na5 21. Rhb1 c6 {0-1 Nazari,A (2375)-Carre,S (2090) Titled Tue 9th Jan Late 2024 (1)}) 7... a6 8. Ba4 Ba7 $146 ({RR} 8... Bd7 9. O-O Nf6 10. Nc3 O-O 11. Kh1 Bg4 12. Be3 Re8 13. Qd3 Nxe4 14. Nxe4 Bf5 15. Nfd2 d5 16. Bxc6 bxc6 17. Qc3 Bxe4 18. Nxe4 Rxe4 19. Rae1 Qf6 20. Bg1 g6 21. Rxe4 dxe4 22. Rc1 Qxf4 23. Qxc6 {0-1 Maly,V-Litvak,M (2304) UKR-ch U16 sf 2006 (1)}) ({RR} 8... Bd7 9. O-O Qe7 10. Nc3 O-O-O 11. Kh1 Ba7 12. Re1 Qf8 13. Be3 Nb8 14. Rc1 Bxa4 15. Qxa4 Ne7 16. Qc4 Rd7 17. a4 f6 18. b4 Qd8 19. a5 d5 20. Qb3 dxe4 21. Nxe4 Nd5 22. Nc5 Bxc5 23. dxc5 {1-0 Hentzschel,E (1950)-Reinholz,S (2079) EU-chT Seniors 09th 2007 (7)}) ({RR} 8... d5 9. e5 Bg4 10. Bxc6+ bxc6 11. O-O Ne7 12. Nc3 c5 13. dxc5 Bxc5+ 14. Kh1 c6 15. Ne2 h6 16. Ned4 Qb6 17. Qa4 Bxf3 18. Nxf3 Nf5 19. Bd2 O-O 20. Rac1 Rfc8 21. Qc2 Ne3 22. Bxe3 Bxe3 23. Rce1 {1-0 Hendrik,M-Setiawan,J Jakarta Telin op 2011 (5)}) 9. d5 b5 10. dxc6 bxa4 11. Qxa4 Qe7 12. Nc3 Nf6 13. Bd2 O-O 14. O-O-O Re8 15. Rhe1 Be6 16. f5 Bc8 17. Nd5 Nxd5 18. exd5 Qf8 19. Rxe8 Qxe8 20. Re1 Qf8 21. g4 Bb6 22. h4 a5 23. Qe4 Ba6 24. Ng5 Bf2 25. f6 g6 26. Rh1 Re8 27. Qf3 Bd4 28. h5 Be2 29. Qf4 Be5 30. Qf2 Qh6 31. Ne6 Bxb2+ 32. Kc2 g5 33. Bxg5 1-0

[Event "IV Niterói Chess Open 2024"]
[Site "Rio de Janeiro"]
[Date "2024.09.01"]
[Round "7"]
[Board "33"]
[White "Gomes, Carlos"]
[Black "Dos Santos, Gilvan Nobrega"]
[Result "0-1"]
[WhiteElo "1695"]
[BlackElo "1898"]
[Annotator "Chessbase"]
[PlyCount "137"]
[EventDate "2024.08.28"]
[EventRounds "7"]
[EventCountry "BRA"]

1. e4 e5 2. Nf3 Qe7 3. Nc3 c6 4. d3 ({RR} 4. g3 d6 5. Bg2 Bg4 6. h3 Bh5 7. O-O g5 8. d4 h6 9. b3 Nf6 10. Qd3 Nbd7 11. a4 O-O-O 12. Ba3 Qe8 13. d5 cxd5 14. Nxd5 Nxd5 15. Qxd5 Nf6 16. Qa5 Bxf3 17. Bxf3 Kb8 18. Bc1 d5 {1-0 Cabrera Pino,A (2534)-Garcia Fernandez,C (2358) Cullera Magistral 2004 (2)}) 4... d6 ({RR} 4... g6 5. Be2 Bg7 6. O-O Nf6 7. Re1 d6 8. Bg5 O-O 9. h3 Nbd7 10. Rb1 h6 11. Bh4 g5 12. Bg3 Nh5 13. Bh2 Nf4 14. Kh1 Nf6 15. Ng1 Be6 16. Bf1 g4 17. Bxf4 exf4 18. a3 h5 19. f3 {1-0 Silva,A-Ludtke,E (1538) 9th Floripa Open 2023 (4.219)}) 5. Bg5 Qc7 $146 ({RR} 5... Nf6 6. Be2 h6 7. Bc1 Nbd7 8. O-O g6 9. h3 Bg7 10. Nh2 d5 11. exd5 Nxd5 12. Nxd5 cxd5 13. c4 dxc4 14. dxc4 f5 15. Qd5 Nb6 16. Qa5 Be6 17. b3 e4 18. Rb1 Kf7 19. Ba3 Qg5 20. Bc1 {0-1 Pogosian,V (2241)-Solovjov,S (2434) St Petersburg CYSS-2 IM 2006 (8)}) 6. h3 Be7 7. Qd2 Nf6 8. Be2 Nbd7 9. O-O Nf8 10. a3 Bd7 11. d4 Ng6 12. Bxf6 Bxf6 13. d5 c5 14. Rfd1 a6 15. Bf1 O-O 16. Ne2 Be7 17. c4 f5 18. Nc3 Qd8 19. Bd3 Nf4 20. exf5 Bxf5 21. Bxf5 Rxf5 22. Kh2 Qd7 23. Ng1 Bg5 24. Qc2 Raf8 25. Ne4 Bh6 26. Ng3 R5f7 27. Rf1 g5 28. Qd1 Kh8 29. f3 Bg7 30. Qc2 h5 31. Qd1 Bf6 32. Ne4 Be7 33. Rc1 Rh7 34. Ne2 g4 35. Nxf4 exf4 36. Rc2 Qf5 37. Rh1 Rg8 38. Qe1 gxf3 39. gxf3 Rg3 40. Qf1 Rhg7 41. Re2 R3g6 42. Qf2 Qd7 43. Rd1 Qd8 44. Qe1 Qg8 45. Qf1 Bh4 46. Kh1 Qc8 47. Kh2 Rg1 48. Qxg1 Rxg1 49. Rxg1 Qf5 50. Reg2 Bg3+ 51. Nxg3 fxg3+ 52. Rxg3 Qe5 53. Kh1 Qxb2 54. Rg8+ Kh7 55. R1g7+ Qxg7 56. Rxg7+ Kxg7 57. a4 Kf6 58. Kg2 Ke5 59. Kg3 Kd4 60. f4 Kxc4 61. Kh4 Kxd5 62. f5 c4 63. f6 Ke6 64. Kg5 Kf7 65. Kf4 Kxf6 66. Ke4 b5 67. Kd4 Ke6 68. h4 Kd7 69. a5 0-1

[Event "IV Niterói Chess Open 2024"]
[Site "Rio de Janeiro"]
[Date "2024.08.29"]
[Round "3"]
[Board "5"]
[White "Do Valle Cardoso, Lucas"]
[Black "Moura, Eduardo Eugenio Chaves"]
[Result "1-0"]
[WhiteElo "2365"]
[BlackElo "2056"]
[Annotator "Chessbase"]
[PlyCount "79"]
[EventDate "2024.08.28"]
[EventRounds "7"]
[EventCountry "BRA"]

1. e4 {ChessBase} d6 2. d4 Nf6 3. Nc3 e5 4. Nf3 Nbd7 5. g4 g6 ({RR} 5... Nxg4 6. Rg1 Ngf6 7. Be3) 6. h3 ({RR} 6. g5 Nh5 7. Bh3 exd4 ({RR} 7... Nb6) 8. Nxd4 h6 ({RR} 8... Nc5 9. Bxc8 Qxc8) 9. Bxd7+ ({RR} 9. Bf5) 9... Bxd7 10. h4 Be7 ({RR} 10... Qe7 11. Qd3 O-O-O) 11. gxh6 Bxh4 12. Be3 c6 ({RR} 12... Qe7 13. Nf3 Bf6 14. Nd5 Qxe4 15. Rxh5) 13. Nf5 gxf5 ({RR} 13... Bxf5 14. exf5 Qe7 15. Qe2 Bf6 16. O-O-O) 14. Qxh5 Bf6 15. O-O-O Qe7 16. Bf4 O-O-O 17. Bxd6 ({RR} 17. Rxd6) 17... Qe6 18. e5 ({RR} 18. Kb1) 18... Bxe5 19. Bxe5 Qxe5 20. h7 Rde8 {½-½ Aronian,L (2805)-Vachier Lagrave,M (2768) Sinquefield Cup 2nd 2014 (8)} {RR} 21. Rhg1 Be6 22. Kb1) 6... Bg7 7. Be3 ({RR} 7. Bg5 c6 8. dxe5 dxe5 9. Qd6 Qe7 10. O-O-O Qxd6 11. Rxd6 Ke7 12. Rd1 h6 13. Bh4 g5 14. Bg3 Ne8 15. Ne1 Nc7 16. Ng2 Nb6 17. Ne3 f6 18. Be2 Be6 19. b3 Rad8 20. f3 h5 21. Rxd8 Kxd8 {1-0 Zampronha,W (2121)-Tokman,A (2389) Titled Tue 7th May Late 2024 (3)}) 7... O-O 8. dxe5 $146 ({RR} 8. Bg2 Re8 9. O-O c6 10. Qd2 b5 11. a3 a6 12. Rad1 Qc7 13. Ng5 h6 14. Nf3 h5 15. g5 Nh7 16. d5 c5 17. Ne2 a5 18. Nh4 b4 19. a4 Ba6 20. Kh2 Nhf8 21. Rg1 Nb6 22. b3 Nfd7 {1-0 Dolzhikova,O (2198)-Srebrnic,A (2198) EU-chT (Women) 19th 2013 (5.12)}) ({RR} 8. Qd2 Qe7 9. Bg2 c6 10. g5 Nh5 11. O-O-O Nb6 12. Qe2 Be6 13. d5 cxd5 14. Nxd5 Nxd5 15. exd5 Bd7 16. Nd2 Rfe8 17. Bf3 Bf5 18. Bxh5 Rac8 19. c3 gxh5 20. f3 Qd7 21. Ne4 Bg6 22. b3 Bxe4 {½-½ Vojta,J (2326)-Marsalek,Z (2195) Pardubice Czech op-E 33rd 2022 (5.1)}) ({RR} 8. Qd2 exd4 9. Nxd4 Re8 10. Bg2 Nc5 11. f3 c6 12. O-O-O d5 13. exd5 Nxd5 14. Nxd5 Qxd5 15. Kb1 Na4 16. f4 Qd8 17. Qb4 Rxe3 18. Qxa4 Qe8 19. Nb3 a5 20. Qc4 Be6 21. Qc5 Bxb3 22. axb3 a4 {0-1 Akhayan,R (2249)-Karamsetty,J (2280) Titled Tue 14th Nov Late 2023 (7)}) 8... dxe5 9. Qe2 c6 10. a4 a5 11. Nd2 Qe7 12. Nb3 Ne8 13. h4 Nc7 14. h5 g5 15. h6 Bf6 16. Qf3 Ne6 17. O-O-O Nd4 18. Nxd4 exd4 19. Bxd4 Bxd4 20. Rxd4 Ne5 21. Qg3 Bxg4 22. Be2 Bxe2 23. Nxe2 f6 24. Rhd1 Rfd8 25. Qb3+ Nf7 26. Ng3 Rxd4 27. Rxd4 Kf8 28. Nf5 Qc7 29. Kb1 Rd8 30. Ng7 Qe5 31. Ne6+ Ke7 32. Nxd8 Qxd4 33. Nxf7 Qb4 34. Qxb4+ axb4 35. Nh8 c5 36. Kc1 Kf8 37. Kd2 Kg8 38. Kd3 Kxh8 39. Kc4 Kg8 40. Kxc5 1-0